000 00364nam a2200145Ia 4500
008 230917s9999||||xx |||||||||||||| ||und||
040 _e101286
_aMAIN
041 _aEnglish
082 _a320.07 R221R
100 _aChaturvedi, D D
245 0 _aResearch in political science
260 _aNew Delhi
_bAnmol Publications
_c1995
300 _a436 p.
942 _cBK
999 _c111644
_d111644